PGA Championship Champions - Statistics

General Stats
  • This quiz has been taken 1,044 times
  • The average score is 39 of 94
Answer Stats
Hint Answer % Correct
1999 Tiger Woods
99%
2000 Tiger Woods
99%
2006 Tiger Woods
99%
2007 Tiger Woods
99%
1963 Jack Nicklaus
88%
1971 Jack Nicklaus
88%
1973 Jack Nicklaus
88%
1975 Jack Nicklaus
88%
1980 Jack Nicklaus
88%
2005 Phil Mickelson
80%
1962 Gary Player
74%
1972 Gary Player
74%
1946 Ben Hogan
69%
1948 Ben Hogan
69%
2012 Rory McIlroy
69%
1942 Sam Snead
65%
1949 Sam Snead
65%
1951 Sam Snead
65%
1998 Vijay Singh
63%
2004 Vijay Singh
63%
1974 Lee Trevino
62%
1984 Lee Trevino
62%
1991 John Daly
55%
1940 Byron Nelson
53%
1945 Byron Nelson
53%
1981 Larry Nelson
53%
1987 Larry Nelson
53%
2008 Padraig Harrington
53%
1997 Davis Love III
49%
1989 Payne Stewart
49%
1922 Gene Sarazen
47%
1923 Gene Sarazen
47%
1933 Gene Sarazen
47%
1992 Nick Price
46%
1994 Nick Price
46%
2011 Keegan Bradley
45%
2010 Martin Kaymer
45%
1969 Raymond Floyd
44%
1982 Raymond Floyd
44%
1921 Walter Hagen
43%
1924 Walter Hagen
43%
1925 Walter Hagen
43%
1926 Walter Hagen
43%
1927 Walter Hagen
43%
1993 Paul Azinger
42%
2009 Yang Yong-eun
41%
2001 David Toms
40%
2002 Rich Beem
40%
2003 Shaun Micheel
38%
1995 Steve Elkington
37%
1986 Bob Tway
33%
1983 Hal Sutton
33%
1985 Hubert Green
32%
1977 Lanny Wadkins
32%
1996 Mark Brooks
32%
1988 Jeff Sluman
30%
1990 Wayne Grady
30%
1970 Dave Stockton
29%
1976 Dave Stockton
29%
1979 David Graham
29%
1968 Julius Boros
29%
1956 Jack Burke, Jr.
28%
1978 John Mahaffey
27%
1966 Al Geiberger
26%
1967 Don January
26%
1930 Tommy Armour
25%
1965 Dave Marr
24%
1961 Jerry Barber
24%
1964 Bobby Nichols
23%
1958 Dow Finsterwald
23%
1960 Jay Hebert
23%
1952 Jim Turnesa
23%
1957 Lionel Hebert
23%
1950 Chandler Harper
22%
1955 Doug Ford
22%
1959 Bob Rosburg
21%
1954 Chick Harbert
21%
1953 Walter Burkemo
20%
1916 Jim Barnes
17%
1919 Jim Barnes
17%
1939 Henry Picard
14%
1936 Denny Shute
12%
1937 Denny Shute
12%
1928 Leo Diegel
12%
1929 Leo Diegel
12%
1934 Paul Runyan
12%
1938 Paul Runyan
12%
1944 Bob Hamilton
11%
1920 Jock Hutchison
11%
1932 Olin Dutra
11%
1947 Jim Ferrier
10%
1941 Vic Ghezzi
10%
1935 Johnny Revolta
8%
1931 Tom Creavy
8%
No matching quizzes found
Score Distribution
Percent of People with Each Score
Percentile by Number Answered
Your Score History
You have not taken this quiz